<The> Role of the real exchange rate in credit growth in Central and Eastern European Countries: a bank-level analysis
Analýza dopadov makroekonomických premenných a bankovej úrovni na rast úverov bánk v krajinách strednej a východnej Európy za obdobie medzi rokmi 1999 a 2010. Rozdiely sú analyzované pomocou vlastníckej štruktúry bánk.
Gespeichert in:
| 1. Verfasser: | |
|---|---|
| Weitere Verfasser: | |
| Format: | Buchkapitel |
| Sprache: | Englisch |
| Schlagworte: | |
| Tags: |
Keine Tags, Fügen Sie das erste Tag hinzu!
|
MARC
| LEADER | 00000naa a2200000 4500 | ||
|---|---|---|---|
| 001 | 0223835 | ||
| 005 | 20231010121131.5 | ||
| 041 | 0 | |a eng | |
| 044 | |a SK | ||
| 245 | 1 | 0 | |a <The> Role of the real exchange rate in credit growth in Central and Eastern European Countries: a bank-level analysis |c Michael Frömmel, Murat Midiliç |
| 520 | |a Analýza dopadov makroekonomických premenných a bankovej úrovni na rast úverov bánk v krajinách strednej a východnej Európy za obdobie medzi rokmi 1999 a 2010. Rozdiely sú analyzované pomocou vlastníckej štruktúry bánk. | ||
| 610 | 2 | 0 | |a bankovníctvo |
| 610 | 2 | 0 | |a úver bankový |
| 610 | 2 | 0 | |a SVE |
| 610 | 2 | 0 | |a ukazovatele makroekonomické |
| 100 | 1 | |a Frömmel, Michael | |
| 700 | 1 | |a Midiliç, Murat | |